| 000 | 00597nam a22001937a 4500 | ||
|---|---|---|---|
| 005 | 20251108171857.0 | ||
| 008 | 250721s1996 xx 000 0 ara d | ||
| 082 | 1 | 4 | _a628.5/عاد |
| 100 | 1 | _aعوض، عادل رفقي | |
| 245 | 1 | 0 |
_aالتلوث الصناعي : _bالنفايات السائلة / |
| 264 | 1 |
_aبيروت : _bالمركز العربي للمطبوعات، _c1996. |
|
| 300 | _a233ص | ||
| 650 | 1 | 7 | _aالهندسة الصحية |
| 650 | 1 | 7 | _aالتلوث |
| 650 | 1 | 7 | _aالهندسة البيئية |
| 650 | 1 | 7 | _aالنفايات |
| 942 |
_2ddc _cBK |
||
| 999 |
_c64916 _d64916 |
||